| 000 | 00330nam a2200121Ia 4500 | ||
|---|---|---|---|
| 008 | 220803s9999 xx 000 0 und d | ||
| 041 | _aeng | ||
| 082 | _a891.46 JOS | ||
| 100 |
_aJoshi V _930133 |
||
| 245 | _aShriguru Sakhare Maharaj Sapradayik Satip Shridnyaneswari | ||
| 260 |
_aPune _bYashodhan Prakashan _c2017 |
||
| 300 | _a1030p | ||
| 999 |
_c18964 _d18964 |
||